| 000 | 01163cam a2200325 a 4500 | ||
|---|---|---|---|
| 001 | 000011798 | ||
| 005 | 20200929162553.0 | ||
| 008 | 940912s1992 ve a b 001 0 spa d | ||
| 020 | _a9802594997 | ||
| 040 |
_aDO-SdBNP _bspa _cDLC _dBNPHU |
||
| 082 |
_a460.87 _bI19i |
||
| 245 | 0 | 3 |
_aEl idioma español de la Venezuela actual / _cAlexandra Alvarez ... [et al.]. |
| 260 |
_aCaracas, (Venezuela) : _bLagoven, _c1992. |
||
| 300 |
_a98 p. : _bil. ; _c22 cm. |
||
| 490 | 1 | _aCuadernos Lagoven. | |
| 490 | 1 | _aSerie Medio milenio | |
| 504 | _aIncluye índice onosmástico | ||
| 504 | _aIncluye referencias bibliográficas | ||
| 650 | 4 |
_aEspañol _zVenezuela _927921 |
|
| 650 | 4 |
_aVenezolanismos _927925 |
|
| 700 | 1 |
_aAlvarez, Alexandra, _d1946- _927926 |
|
| 700 | 1 |
_aBentivoglio, Paola _927927 |
|
| 700 | 1 |
_aObediente, Enrique _927928 |
|
| 700 | 1 |
_aSedano, Mercedes _927929 |
|
| 700 | 1 |
_aTejera, María Josefina _98980 |
|
| 710 | 2 |
_aComisión Venezolana para la conmemoración del Quinto Centenario del descubrimiento de América _927930 |
|
| 830 | 0 |
_aCuadernos Lagoven. _pSerie Medio milenio _927931 |
|
| 910 | _aCatalogación por copia / LC | ||
| 049 | _aBNGR | ||
| 999 |
_c11472 _d11472 |
||